Score 0/7 Timer 03:00
1 Play Today
Question Answer Wrong Answers
This prince marries Kate Middleton in a ceremony at Westminster Abbey in London.
2011
Prince William
85.7%
Prince Charles
2.6%
Prince Harry
6.8%
Prince Philip
1.4%
This US president announces that he will release edited transcripts of White House tape recordings in connection with the Watergate scandal.
1974
Richard Nixon
79.9%
Jimmy Carter
2.2%
Ronald Reagan
2.2%
Gerald Ford
12.5%
This British explorer arrives in Botany Bay, Australia, becoming the first European to reach its east coast.
1770
James Cook
76.7%
Charles Darwin
4.8%
Ferdinand Magellan
7%
Francis Drake
10.6%
This French military leader arrives at the siege of Orléans on a relief mission.
1429
Joan of Arc
68.5%
Napoleon Bonaparte
19.5%
John Talbot
2.9%
Bertrand du Guesclin
9.1%
The US and South Vietnamese forces begin a new campaign of the Vietnam War by invading this Southeast Asian country.
1970
Cambodia
63.9%
Thailand
4.2%
Malaysia
1.9%
Laos
27.4%
This Mississippi River city is captured by the Union during the American Civil War.
1862
New Orleans
61.4%
Jackson
19.8%
Montgomery
9.4%
Little Rock
7.5%
A Major League Baseball game is played in front of zero fans due to riots in this US city.
2015
Baltimore
47.1%
Chicago
10.5%
St. Louis
16.9%
Los Angeles
21.8%
Remove Ads.
Support Sporcle.
Get the best of Sporcle when you Go Orange. This ad-free experience offers more features, more stats, and more fun while also helping to support Sporcle. Thank you for becoming a member.

You're not logged in!

Compare scores with friends on all Sporcle quizzes.
OR
Log In

Show Comments

Extras

Top Quizzes Today


Score Distribution

Your Account Isn't Verified!

In order to create a playlist on Sporcle, you need to verify the email address you used during registration. Go to your Sporcle Settings to finish the process.

Report this User

Report this user for behavior that violates our Community Guidelines.

Details: